000 00389 a2200157 4500
001 60882
020 _a8573023716
040 _cAnchieta - Pituba
100 _aMariconi, Italo
240 1 0 _aOs cem melhores poemas brasileiros do século
_lpor
245 1 0 _aOs cem melhores poemas brasileiros do século
300 _a351
362 0 _a2001
650 4 _aPoesia brasileira
942 _cBK
999 _c60882
_d60882